[Event "45th FIDE Chess Olympiad Open"]
[Site "Budapest, Hungary"]
[Date "2024.09.21"]
[Round "10"]
[White "Blackman, Justin"]
[Black "Prudente, Elmer"]
[Result "0-1"]
[Board "277"]
[WhiteFideId "11100516"]
[BlackFideId "31000690"]
[WhiteTitle "FM"]
[BlackTitle "CM"]
[WhiteElo "2265"]
[BlackElo "1949"]
[WhiteTeam "Barbados"]
[BlackTeam "Guam"]
[WhiteClock "0:17:56"]
[BlackClock "0:21:49"]
[Variant "Standard"]

1. d4 {[%clk 1:30:57]}  d5 {[%clk 1:30:53]} 2. c4 {[%clk 1:31:16]}  c6 {[%clk 1:31:16]} 3. Nf3 {[%clk 1:31:24]}  e6 {[%clk 1:31:17]} 4. Qc2 {[%clk 1:31:33]}  Bd6 {[%clk 1:31:27]} 5. g3 {[%clk 1:31:45]}  Nf6 {[%clk 1:31:10]} 6. Bg2 {[%clk 1:32:08]}  O-O {[%clk 1:30:37]} 7. O-O {[%clk 1:32:29]}  Ne4 {[%clk 1:28:57]} 8. b3 {[%clk 1:32:32]}  Nd7 {[%clk 1:28:16]} 9. e3 {[%clk 1:32:42]}  b5 {[%clk 1:27:35]} 10. a4 {[%clk 1:32:44]}  bxc4 {[%clk 1:27:26]} 11. bxc4 {[%clk 1:33:07]}  Ba6 {[%clk 1:26:49]} 12. Nfd2 {[%clk 1:32:26]}  Nxd2 {[%clk 1:25:15]} 13. Nxd2 {[%clk 1:32:41]}  Bb4 {[%clk 1:23:54]} 14. Rb1 {[%clk 1:26:50]}  Bxd2 {[%clk 1:22:08]} 15. Bxd2 {[%clk 1:27:14]}  Bxc4 {[%clk 1:22:29]} 16. Rfc1 {[%clk 1:27:37]}  c5 {[%clk 1:16:34]} 17. Rb7 {[%clk 1:25:11]}  Qc8 {[%clk 1:11:46]} 18. Rb2 {[%clk 1:17:40]}  Qa6 {[%clk 1:10:25]} 19. Qd1 {[%clk 1:14:59]}  Rab8 {[%clk 1:09:30]} 20. Rcb1 {[%clk 1:14:41]}  Be2 {[%clk 0:59:09]} 21. Qe1 {[%clk 1:08:01]}  Rxb2 {[%clk 0:54:19]} 22. Rxb2 {[%clk 1:08:24]}  Bc4 {[%clk 0:54:42]} 23. a5 {[%clk 1:08:36]}  cxd4 {[%clk 0:51:15]} 24. exd4 {[%clk 1:08:59]}  Rb8 {[%clk 0:51:03]} 25. Rxb8+ {[%clk 1:08:05]}  Nxb8 {[%clk 0:51:27]} 26. h4 {[%clk 1:06:32]}  Nc6 {[%clk 0:51:07]} 27. Bc3 {[%clk 1:06:55]}  h6 {[%clk 0:50:19]} 28. Qd2 {[%clk 0:56:13]}  Bd3 {[%clk 0:50:08]} 29. Qf4 {[%clk 0:53:35]}  Qc4 {[%clk 0:46:30]} 30. Bd2 {[%clk 0:53:51]}  Qxd4 {[%clk 0:40:32]} 31. Qc7 {[%clk 0:54:01]}  Qc4 {[%clk 0:40:32]} 32. Be3 {[%clk 0:52:28]}  a6 {[%clk 0:40:36]} 33. Kh2 {[%clk 0:50:26]}  Nb4 {[%clk 0:35:04]} 34. Bc5 {[%clk 0:41:43]}  Nc2 {[%clk 0:33:47]} 35. Qb8+ {[%clk 0:39:50]}  Kh7 {[%clk 0:34:10]} 36. Bf8 {[%clk 0:39:05]}  Qd4 {[%clk 0:33:09]} 37. Qb6 {[%clk 0:39:04]}  Qe5 {[%clk 0:25:51]} 38. Qb7 {[%clk 0:35:11]}  Qf6 {[%clk 0:22:00]} 39. Qb3 {[%clk 0:33:46]}  Ne1 {[%clk 0:19:17]} 40. Bc5 {[%clk 0:26:01]}  Nf3+ {[%clk 0:18:53]} 41. Bxf3 {[%clk 0:24:43]}  Qxf3 {[%clk 0:19:16]} 42. Qc3 {[%clk 0:20:42]}  e5 {[%clk 0:19:13]} 43. Kg1 {[%clk 0:17:21]}  Qd1+ {[%clk 0:18:44]} 44. Kg2 {[%clk 0:16:06]}  Qf1+ {[%clk 0:19:02]} 45. Kh2 {[%clk 0:14:41]}  Be4 {[%clk 0:19:08]} 46. f3 {[%clk 0:14:52]}  Bxf3 {[%clk 0:19:25]} 47. Qc2+ {[%clk 0:14:53]}  g6 {[%clk 0:19:41]} 48. g4 {[%clk 0:14:37]}  Bxg4 {[%clk 0:19:23]} 49. Qf2 {[%clk 0:14:46]}  Qxf2+ {[%clk 0:18:49]} 50. Bxf2 {[%clk 0:15:14]}  f5 {[%clk 0:19:01]} 51. Kg3 {[%clk 0:15:34]}  h5 {[%clk 0:19:26]} 52. Bc5 {[%clk 0:15:54]}  f4+ {[%clk 0:19:27]} 53. Kf2 {[%clk 0:16:18]}  Kg7 {[%clk 0:19:48]} 54. Be7 {[%clk 0:16:43]}  Kf7 {[%clk 0:20:09]} 55. Bg5 {[%clk 0:17:04]}  Ke6 {[%clk 0:20:31]} 56. Ke1 {[%clk 0:17:25]}  Kf5 {[%clk 0:20:53]} 57. Kd2 {[%clk 0:17:49]}  e4 {[%clk 0:21:16]} 58. Be7 {[%clk 0:18:08]}  d4 {[%clk 0:21:02]} 59. Bc5 {[%clk 0:18:14]}  Ke5 {[%clk 0:20:41]} 60. Bb6 {[%clk 0:18:18]}  f3 {[%clk 0:21:02]} 61. Ke1 {[%clk 0:17:32]}  e3 {[%clk 0:21:20]} 62. Kf1 {[%clk 0:17:40]}  Ke4 {[%clk 0:21:38]} 63. Bc7 {[%clk 0:17:56]}  Bh3+ {[%clk 0:21:49]} 0-1

[Event "45th FIDE Chess Olympiad Open"]
[Site "Budapest, Hungary"]
[Date "2024.09.21"]
[Round "10"]
[White "Tran, Tuan An"]
[Black "Lynch, Kemp"]
[Result "0-1"]
[Board "278"]
[WhiteFideId "31002706"]
[BlackFideId "11101377"]
[WhiteElo "1916"]
[BlackElo "1944"]
[WhiteTeam "Guam"]
[BlackTeam "Barbados"]
[WhiteClock "0:15:14"]
[BlackClock "0:30:10"]
[Variant "Standard"]

1. e4 {[%clk 1:30:56]}  c5 {[%clk 1:30:54]} 2. b3 {[%clk 1:31:19]}  Nc6 {[%clk 1:31:03]} 3. Bb2 {[%clk 1:31:41]}  d6 {[%clk 1:31:16]} 4. Bb5 {[%clk 1:32:04]}  Bd7 {[%clk 1:31:22]} 5. Ne2 {[%clk 1:32:28]}  e6 {[%clk 1:31:32]} 6. O-O {[%clk 1:31:45]}  Nf6 {[%clk 1:31:09]} 7. d3 {[%clk 1:31:21]}  a6 {[%clk 1:31:05]} 8. Bxc6 {[%clk 1:31:46]}  Bxc6 {[%clk 1:31:30]} 9. Nd2 {[%clk 1:30:18]}  Be7 {[%clk 1:31:21]} 10. f4 {[%clk 1:30:42]}  O-O {[%clk 1:29:43]} 11. Ng3 {[%clk 1:30:31]}  b5 {[%clk 1:28:45]} 12. Qe2 {[%clk 1:23:16]}  Rc8 {[%clk 1:19:39]} 13. e5 {[%clk 1:18:40]}  Nd5 {[%clk 1:16:10]} 14. Rae1 {[%clk 1:05:00]}  g6 {[%clk 1:11:23]} 15. Qg4 {[%clk 0:53:40]}  c4 {[%clk 1:04:50]} 16. Bd4 {[%clk 0:37:33]}  cxd3 {[%clk 1:03:05]} 17. Nde4 {[%clk 0:25:14]}  dxc2 {[%clk 0:57:59]} 18. Nh5 {[%clk 0:22:09]}  Ba8 {[%clk 0:41:15]} 19. exd6 {[%clk 0:19:48]}  Bh4 {[%clk 0:36:59]} 20. g3 {[%clk 0:06:48]}  f5 {[%clk 0:36:03]} 21. Qxh4 {[%clk 0:06:54]}  Qxh4 {[%clk 0:36:24]} 22. gxh4 {[%clk 0:07:15]}  fxe4 {[%clk 0:34:39]} 23. Ng3 {[%clk 0:04:10]}  Nxf4 {[%clk 0:32:08]} 24. Rc1 {[%clk 0:03:12]}  e3 {[%clk 0:25:36]} 25. Rxf4 {[%clk 0:03:08]}  Rxf4 {[%clk 0:25:55]} 26. Bxe3 {[%clk 0:03:36]}  Rf7 {[%clk 0:25:47]} 27. b4 {[%clk 0:03:19]}  Rc4 {[%clk 0:17:53]} 28. Bc5 {[%clk 0:02:21]}  Bc6 {[%clk 0:17:33]} 29. h5 {[%clk 0:01:43]}  Rf3 {[%clk 0:15:43]} 30. hxg6 {[%clk 0:01:41]}  Rd3 {[%clk 0:14:48]} 31. gxh7+ {[%clk 0:01:51]}  Kxh7 {[%clk 0:15:02]} 32. Kf2 {[%clk 0:01:29]}  Rd1 {[%clk 0:10:24]} 33. Ne2 {[%clk 0:01:13]}  Rxc1 {[%clk 0:10:30]} 34. Nxc1 {[%clk 0:01:27]}  a5 {[%clk 0:09:07]} 35. a3 {[%clk 0:01:32]}  a4 {[%clk 0:07:06]} 36. Ke2 {[%clk 0:01:25]}  Rg4 {[%clk 0:06:47]} 37. Kd3 {[%clk 0:00:54]}  Rg2 {[%clk 0:06:02]} 38. h4 {[%clk 0:00:36]}  Be8 {[%clk 0:05:35]} 39. Be3 {[%clk 0:00:43]}  Rh2 {[%clk 0:04:10]} 40. Ne2 {[%clk 0:00:31]}  e5 {[%clk 0:03:42]} 41. Bg5 {[%clk 0:00:31]}  Bg6+ {[%clk 0:03:07]} 42. Kd2 {[%clk 0:28:20]}  Bf5 {[%clk 0:30:14]} 43. Be3 {[%clk 0:16:24]}  c1=Q+ {[%clk 0:29:46]} 44. Kxc1 {[%clk 0:15:14]}  Rxe2 {[%clk 0:30:10]} 0-1

[Event "45th FIDE Chess Olympiad Open"]
[Site "Budapest, Hungary"]
[Date "2024.09.21"]
[Round "10"]
[White "Corbin, Philip"]
[Black "Mafnas, Peter"]
[Result "1-0"]
[Board "279"]
[WhiteFideId "11100036"]
[BlackFideId "31000509"]
[WhiteTitle "FM"]
[BlackTitle "CM"]
[WhiteElo "1916"]
[BlackElo "1886"]
[WhiteTeam "Barbados"]
[BlackTeam "Guam"]
[WhiteClock "0:20:02"]
[BlackClock "0:01:48"]
[Variant "Standard"]

1. e4 {[%clk 1:30:52]}  c6 {[%clk 1:30:47]} 2. d4 {[%clk 1:31:16]}  d5 {[%clk 1:31:12]} 3. e5 {[%clk 1:31:43]}  Bf5 {[%clk 1:31:26]} 4. g4 {[%clk 1:32:06]}  Bd7 {[%clk 1:30:28]} 5. Bd3 {[%clk 1:32:05]}  e6 {[%clk 1:30:27]} 6. Nf3 {[%clk 1:26:35]}  c5 {[%clk 1:30:16]} 7. c3 {[%clk 1:26:55]}  Nc6 {[%clk 1:29:57]} 8. dxc5 {[%clk 1:23:31]}  Bxc5 {[%clk 1:24:48]} 9. Nbd2 {[%clk 1:23:40]}  Qc7 {[%clk 1:20:44]} 10. Qe2 {[%clk 1:23:49]}  h5 {[%clk 1:18:42]} 11. g5 {[%clk 1:23:24]}  Nge7 {[%clk 1:18:08]} 12. Nb3 {[%clk 1:22:40]}  Bb6 {[%clk 1:17:26]} 13. Bf4 {[%clk 1:17:00]}  g6 {[%clk 1:14:46]} 14. O-O {[%clk 1:05:20]}  Nf5 {[%clk 1:09:14]} 15. Rac1 {[%clk 1:05:35]}  Qd8 {[%clk 1:06:23]} 16. Rfd1 {[%clk 1:05:07]}  Rc8 {[%clk 1:03:46]} 17. Bb1 {[%clk 1:00:03]}  a6 {[%clk 1:00:25]} 18. Rd2 {[%clk 0:48:23]}  Qe7 {[%clk 0:50:36]} 19. Rcd1 {[%clk 0:42:02]}  Na5 {[%clk 0:45:47]} 20. Nxa5 {[%clk 0:40:44]}  Bxa5 {[%clk 0:46:08]} 21. Nd4 {[%clk 0:39:13]}  Nxd4 {[%clk 0:41:45]} 22. Rxd4 {[%clk 0:39:33]}  Bb5 {[%clk 0:40:09]} 23. Qf3 {[%clk 0:38:37]}  O-O {[%clk 0:39:16]} 24. Bc1 {[%clk 0:37:43]}  Rc4 {[%clk 0:38:56]} 25. h4 {[%clk 0:33:35]}  Rfc8 {[%clk 0:38:24]} 26. Be3 {[%clk 0:31:06]}  Bc7 {[%clk 0:32:48]} 27. Rxc4 {[%clk 0:27:55]}  Bxc4 {[%clk 0:31:32]} 28. Bd4 {[%clk 0:28:14]}  Bb5 {[%clk 0:28:13]} 29. Qe3 {[%clk 0:24:53]}  Bb8 {[%clk 0:26:47]} 30. Kh2 {[%clk 0:24:43]}  Qc7 {[%clk 0:23:22]} 31. b3 {[%clk 0:23:39]}  Bc6 {[%clk 0:21:16]} 32. Rg1 {[%clk 0:23:41]}  b5 {[%clk 0:19:35]} 33. b4 {[%clk 0:22:58]}  Ba8 {[%clk 0:17:45]} 34. Bd3 {[%clk 0:22:50]}  Bc6 {[%clk 0:15:24]} 35. Rg3 {[%clk 0:22:50]}  Qb7 {[%clk 0:12:59]} 36. Rf3 {[%clk 0:21:36]}  Be8 {[%clk 0:11:53]} 37. Qf4 {[%clk 0:19:59]}  Qe7 {[%clk 0:03:18]} 38. Qe3 {[%clk 0:19:51]}  Qc7 {[%clk 0:01:48]} 39. Rf6 {[%clk 0:20:02]} 1-0

[Event "45th FIDE Chess Olympiad Open"]
[Site "Budapest, Hungary"]
[Date "2024.09.21"]
[Round "10"]
[White "Doria, Daniel"]
[Black "Edwards, Emar"]
[Result "0-1"]
[Board "280"]
[WhiteFideId "31001149"]
[BlackFideId "11103345"]
[WhiteElo "1745"]
[BlackElo "1898"]
[WhiteTeam "Guam"]
[BlackTeam "Barbados"]
[WhiteClock "0:24:27"]
[BlackClock "1:05:27"]
[Variant "Standard"]

1. c4 {[%clk 1:30:41]}  e6 {[%clk 1:30:57]} 2. Nc3 {[%clk 1:31:04]}  d5 {[%clk 1:31:21]} 3. d4 {[%clk 1:31:24]}  a6 {[%clk 1:31:36]} 4. cxd5 {[%clk 1:31:47]}  exd5 {[%clk 1:32:02]} 5. Nf3 {[%clk 1:32:01]}  Nf6 {[%clk 1:31:36]} 6. Bg5 {[%clk 1:32:11]}  Be6 {[%clk 1:31:43]} 7. Qb3 {[%clk 1:31:49]}  Nbd7 {[%clk 1:32:09]} 8. e3 {[%clk 1:32:09]}  Rb8 {[%clk 1:25:56]} 9. Be2 {[%clk 1:24:41]}  Bd6 {[%clk 1:25:58]} 10. O-O {[%clk 1:24:52]}  O-O {[%clk 1:25:39]} 11. Qc2 {[%clk 1:25:16]}  h6 {[%clk 1:25:07]} 12. Bf4 {[%clk 1:21:11]}  Bxf4 {[%clk 1:19:04]} 13. exf4 {[%clk 1:21:29]}  Bg4 {[%clk 1:15:57]} 14. Ne5 {[%clk 1:20:34]}  Bxe2 {[%clk 1:15:26]} 15. Nxe2 {[%clk 1:20:51]}  Ne4 {[%clk 1:13:48]} 16. Rac1 {[%clk 1:18:44]}  c6 {[%clk 1:13:30]} 17. f3 {[%clk 1:16:45]}  Nd6 {[%clk 1:13:20]} 18. b3 {[%clk 1:14:40]}  Re8 {[%clk 1:13:12]} 19. Ng3 {[%clk 1:05:20]}  Nf8 {[%clk 1:11:08]} 20. f5 {[%clk 1:01:55]}  Nb5 {[%clk 1:08:10]} 21. Qc5 {[%clk 0:41:20]}  Nd7 {[%clk 1:01:11]} 22. Nxd7 {[%clk 0:37:45]}  Qxd7 {[%clk 1:01:33]} 23. a4 {[%clk 0:38:05]}  Nd6 {[%clk 1:01:46]} 24. Qc2 {[%clk 0:37:47]}  Re3 {[%clk 0:57:50]} 25. Rfe1 {[%clk 0:37:09]}  Rbe8 {[%clk 0:57:33]} 26. Rxe3 {[%clk 0:37:26]}  Rxe3 {[%clk 0:57:47]} 27. Nf1 {[%clk 0:35:48]}  Re8 {[%clk 0:57:31]} 28. g4 {[%clk 0:29:47]}  Qe7 {[%clk 0:56:21]} 29. Rd1 {[%clk 0:25:52]}  Qe2 {[%clk 0:48:14]} 30. Qxe2 {[%clk 0:17:48]}  Rxe2 {[%clk 0:48:38]} 31. Rd2 {[%clk 0:17:29]}  Rxd2 {[%clk 0:48:38]} 32. Nxd2 {[%clk 0:17:53]}  Kf8 {[%clk 0:46:59]} 33. Kf2 {[%clk 0:17:37]}  Ke7 {[%clk 0:46:58]} 34. Ke3 {[%clk 0:16:59]}  Kd7 {[%clk 0:46:43]} 35. Kf4 {[%clk 0:13:54]}  f6 {[%clk 0:44:22]} 36. Kg3 {[%clk 0:14:12]}  b6 {[%clk 0:43:04]} 37. Kf4 {[%clk 0:11:06]}  c5 {[%clk 0:42:46]} 38. Ke3 {[%clk 0:11:07]}  c4 {[%clk 0:41:39]} 39. bxc4 {[%clk 0:10:28]}  Nxc4+ {[%clk 0:41:15]} 40. Ke2 {[%clk 0:08:41]}  Nxd2 {[%clk 0:39:38]} 41. Kxd2 {[%clk 0:08:54]}  Kc6 {[%clk 0:39:04]} 42. Kc3 {[%clk 0:08:03]}  a5 {[%clk 0:38:06]} 43. Kb3 {[%clk 0:28:22]}  b5 {[%clk 1:08:09]} 44. h3 {[%clk 0:28:30]}  Kb6 {[%clk 1:07:44]} 45. f4 {[%clk 0:24:47]}  Kc6 {[%clk 1:06:26]} 46. h4 {[%clk 0:24:59]}  Kb6 {[%clk 1:04:39]} 47. Ka3 {[%clk 0:25:14]}  bxa4 {[%clk 1:04:40]} 48. Kxa4 {[%clk 0:25:26]}  Ka6 {[%clk 1:05:08]} 49. g5 {[%clk 0:24:28]}  Kb6 {[%clk 1:05:15]} 50. h5 {[%clk 0:24:27]}  Ka6 {[%clk 1:05:27]} 0-1

[Event "45th FIDE Chess Olympiad Open"]
[Site "Budapest, Hungary"]
[Date "2024.09.21"]
[Round "10"]
[White "Tchouka, Yakini"]
[Black "Ndahangwapo, Heskiel"]
[Result "0-1"]
[Board "281"]
[WhiteFideId "21201382"]
[BlackFideId "15202020"]
[WhiteElo "1932"]
[BlackElo "2011"]
[WhiteTeam "Togo"]
[BlackTeam "Namibia"]
[WhiteClock "0:00:54"]
[BlackClock "1:00:08"]
[Variant "Standard"]

1. e4 {[%clk 1:30:54]}  c5 {[%clk 1:29:42]} 2. Nf3 {[%clk 1:31:03]}  e6 {[%clk 1:30:05]} 3. d4 {[%clk 1:31:23]}  cxd4 {[%clk 1:30:28]} 4. Nxd4 {[%clk 1:31:46]}  a6 {[%clk 1:30:53]} 5. Bd3 {[%clk 1:31:07]}  Nf6 {[%clk 1:30:53]} 6. O-O {[%clk 1:29:44]}  Qc7 {[%clk 1:31:06]} 7. c4 {[%clk 1:28:53]}  Nc6 {[%clk 1:30:48]} 8. Nxc6 {[%clk 1:28:43]}  dxc6 {[%clk 1:31:12]} 9. Be3 {[%clk 1:20:24]}  e5 {[%clk 1:31:26]} 10. h3 {[%clk 1:20:23]}  Be6 {[%clk 1:31:44]} 11. Nc3 {[%clk 1:19:52]}  Be7 {[%clk 1:31:40]} 12. Qe2 {[%clk 1:19:38]}  Nd7 {[%clk 1:31:35]} 13. Rac1 {[%clk 1:18:59]}  O-O {[%clk 1:27:30]} 14. Nd5 {[%clk 1:11:43]}  Qd8 {[%clk 1:25:54]} 15. Nxe7+ {[%clk 1:10:15]}  Qxe7 {[%clk 1:26:17]} 16. Bb1 {[%clk 1:03:38]}  c5 {[%clk 1:26:31]} 17. f4 {[%clk 1:03:50]}  f6 {[%clk 1:26:53]} 18. f5 {[%clk 1:01:58]}  Bf7 {[%clk 1:27:17]} 19. Rcd1 {[%clk 1:01:26]}  Rad8 {[%clk 1:25:50]} 20. b3 {[%clk 1:00:53]}  Nb8 {[%clk 1:26:08]} 21. Qf2 {[%clk 0:45:05]}  b6 {[%clk 1:26:27]} 22. b4 {[%clk 0:45:25]}  Bxc4 {[%clk 1:26:44]} 23. Rxd8 {[%clk 0:45:16]}  Rxd8 {[%clk 1:27:04]} 24. Rc1 {[%clk 0:45:40]}  b5 {[%clk 1:25:41]} 25. Bxc5 {[%clk 0:45:21]}  Qf7 {[%clk 1:25:43]} 26. Bb6 {[%clk 0:41:44]}  Rd6 {[%clk 1:23:32]} 27. Bc2 {[%clk 0:37:55]}  Qb7 {[%clk 1:15:00]} 28. Bc5 {[%clk 0:35:24]}  Rd7 {[%clk 1:13:16]} 29. a4 {[%clk 0:34:59]}  Nc6 {[%clk 1:13:23]} 30. axb5 {[%clk 0:35:24]}  axb5 {[%clk 1:10:15]} 31. Ra1 {[%clk 0:33:50]}  Nd4 {[%clk 1:09:46]} 32. Bd3 {[%clk 0:26:30]}  h6 {[%clk 1:03:12]} 33. Bxc4+ {[%clk 0:11:20]}  bxc4 {[%clk 1:03:33]} 34. Qa2 {[%clk 0:06:42]}  Qxe4 {[%clk 0:59:59]} 35. Qxc4+ {[%clk 0:06:35]}  Kh7 {[%clk 1:00:14]} 36. Bxd4 {[%clk 0:00:42]}  Rxd4 {[%clk 1:00:23]} 37. Qe6 {[%clk 0:00:54]}  Rd2 {[%clk 1:00:08]} 0-1

[Event "45th FIDE Chess Olympiad Open"]
[Site "Budapest, Hungary"]
[Date "2024.09.21"]
[Round "10"]
[White "Eichab, Charles"]
[Black "Egbe, Kossi Thierry"]
[Result "0-1"]
[Board "282"]
[WhiteFideId "15200051"]
[BlackFideId "21201510"]
[WhiteTitle "CM"]
[WhiteElo "2013"]
[BlackElo "1847"]
[WhiteTeam "Namibia"]
[BlackTeam "Togo"]
[WhiteClock "0:01:15"]
[BlackClock "0:03:33"]
[Variant "Standard"]

1. c4 {[%clk 1:30:49]}  c5 {[%clk 1:30:40]} 2. Nf3 {[%clk 1:31:12]}  e6 {[%clk 1:30:41]} 3. d4 {[%clk 1:30:49]}  d5 {[%clk 1:30:54]} 4. cxd5 {[%clk 1:23:32]}  exd5 {[%clk 1:30:34]} 5. g3 {[%clk 1:23:32]}  Nf6 {[%clk 1:23:46]} 6. Bg2 {[%clk 1:23:40]}  Nc6 {[%clk 1:22:15]} 7. O-O {[%clk 1:22:50]}  c4 {[%clk 1:06:21]} 8. b3 {[%clk 1:17:44]}  cxb3 {[%clk 1:04:21]} 9. Qxb3 {[%clk 1:16:59]}  Be7 {[%clk 1:04:00]} 10. Nc3 {[%clk 1:14:28]}  O-O {[%clk 1:04:05]} 11. Bg5 {[%clk 1:02:11]}  Na5 {[%clk 0:59:15]} 12. Qd1 {[%clk 0:58:27]}  Be6 {[%clk 0:56:59]} 13. Qd3 {[%clk 0:49:44]}  Nc4 {[%clk 0:46:09]} 14. Ne5 {[%clk 0:47:41]}  Rc8 {[%clk 0:45:03]} 15. Rfc1 {[%clk 0:44:59]}  Ba3 {[%clk 0:38:08]} 16. Rc2 {[%clk 0:42:51]}  Be7 {[%clk 0:31:49]} 17. e3 {[%clk 0:26:39]}  h6 {[%clk 0:21:00]} 18. Bxf6 {[%clk 0:25:10]}  Bxf6 {[%clk 0:20:16]} 19. f4 {[%clk 0:19:44]}  Bxe5 {[%clk 0:19:56]} 20. dxe5 {[%clk 0:19:46]}  Qb6 {[%clk 0:17:57]} 21. Re2 {[%clk 0:16:18]}  Nxe3 {[%clk 0:14:33]} 22. Rxe3 {[%clk 0:12:19]}  Rxc3 {[%clk 0:14:03]} 23. Qxc3 {[%clk 0:11:58]}  d4 {[%clk 0:14:02]} 24. Qe1 {[%clk 0:08:21]}  dxe3 {[%clk 0:13:41]} 25. Rb1 {[%clk 0:08:09]}  Qc5 {[%clk 0:11:38]} 26. Rc1 {[%clk 0:08:01]}  Bc4 {[%clk 0:10:58]} 27. Bxb7 {[%clk 0:02:33]}  Rb8 {[%clk 0:09:12]} 28. Bf3 {[%clk 0:01:58]}  Qd4 {[%clk 0:04:31]} 29. Qc3 {[%clk 0:01:18]}  Qxc3 {[%clk 0:03:30]} 30. Rxc3 {[%clk 0:01:36]}  Rb1+ {[%clk 0:03:47]} 31. Bd1 {[%clk 0:01:15]}  e2 {[%clk 0:03:33]} 0-1

[Event "45th FIDE Chess Olympiad Open"]
[Site "Budapest, Hungary"]
[Date "2024.09.21"]
[Round "10"]
[White "Amewounou, Komlan Kouessan"]
[Black "Schwarz, Bernhard"]
[Result "0-1"]
[Board "283"]
[WhiteFideId "21200017"]
[BlackFideId "15201228"]
[WhiteElo "1825"]
[BlackElo "1875"]
[WhiteTeam "Togo"]
[BlackTeam "Namibia"]
[WhiteClock "0:29:15"]
[BlackClock "0:22:14"]
[Variant "Standard"]

1. e4 {[%clk 1:30:57]}  e6 {[%clk 1:29:37]} 2. d4 {[%clk 1:31:16]}  d5 {[%clk 1:29:36]} 3. Nc3 {[%clk 1:31:16]}  Nf6 {[%clk 1:28:10]} 4. exd5 {[%clk 1:27:54]}  exd5 {[%clk 1:28:01]} 5. Bg5 {[%clk 1:20:02]}  Be7 {[%clk 1:27:09]} 6. Nf3 {[%clk 1:18:22]}  Bg4 {[%clk 1:26:43]} 7. h3 {[%clk 1:17:21]}  Bh5 {[%clk 1:26:53]} 8. g4 {[%clk 1:16:08]}  Bg6 {[%clk 1:27:13]} 9. Ne5 {[%clk 1:16:10]}  Qd6 {[%clk 1:20:44]} 10. Qe2 {[%clk 1:10:18]}  Nbd7 {[%clk 1:15:09]} 11. Bg2 {[%clk 1:01:55]}  O-O-O {[%clk 1:10:57]} 12. O-O-O {[%clk 1:00:07]}  Ne4 {[%clk 0:55:41]} 13. Nxe4 {[%clk 0:52:42]}  Bxe4 {[%clk 0:52:22]} 14. Bxe7 {[%clk 0:52:00]}  Qxe7 {[%clk 0:52:07]} 15. Bxe4 {[%clk 0:51:26]}  dxe4 {[%clk 0:49:04]} 16. Nc4 {[%clk 0:46:30]}  Qg5+ {[%clk 0:46:55]} 17. Qe3 {[%clk 0:43:07]}  Qd5 {[%clk 0:45:50]} 18. Qb3 {[%clk 0:37:06]}  h5 {[%clk 0:41:47]} 19. Qa4 {[%clk 0:31:42]}  Nb6 {[%clk 0:35:10]} 20. Nxb6+ {[%clk 0:31:25]}  axb6 {[%clk 0:35:39]} 21. gxh5 {[%clk 0:17:52]}  Rxh5 {[%clk 0:35:26]} 22. c4 {[%clk 0:18:02]}  Qa5 {[%clk 0:29:44]} 23. Qb3 {[%clk 0:15:44]}  Qf5 {[%clk 0:29:53]} 24. Qe3 {[%clk 0:10:27]}  Rdh8 {[%clk 0:29:09]} 25. Rde1 {[%clk 0:10:10]}  Rh4 {[%clk 0:16:05]} 26. Rhg1 {[%clk 0:06:34]}  g6 {[%clk 0:09:25]} 27. Rg4 {[%clk 0:02:17]}  Rxh3 {[%clk 0:06:28]} 28. Qxe4 {[%clk 0:02:41]}  Qxe4 {[%clk 0:04:09]} 29. Rgxe4 {[%clk 0:02:54]}  Rf3 {[%clk 0:04:01]} 30. Re8+ {[%clk 0:02:33]}  Rxe8 {[%clk 0:04:06]} 31. Rxe8+ {[%clk 0:03:00]}  Kd7 {[%clk 0:04:32]} 32. Re2 {[%clk 0:03:16]}  Rf4 {[%clk 0:04:21]} 33. Rd2 {[%clk 0:03:33]}  Ke6 {[%clk 0:03:52]} 34. Kd1 {[%clk 0:02:50]}  Kf5 {[%clk 0:03:01]} 35. Ke2 {[%clk 0:02:43]}  g5 {[%clk 0:02:35]} 36. f3 {[%clk 0:02:32]}  Rh4 {[%clk 0:02:36]} 37. Ke3 {[%clk 0:02:07]}  Rh3 {[%clk 0:02:14]} 38. Rg2 {[%clk 0:02:19]}  f6 {[%clk 0:01:59]} 39. b4 {[%clk 0:01:14]}  Rh4 {[%clk 0:01:53]} 40. a4 {[%clk 0:01:27]}  c5 {[%clk 0:01:57]} 41. bxc5 {[%clk 0:01:20]}  bxc5 {[%clk 0:02:20]} 42. Rd2 {[%clk 0:01:32]}  cxd4+ {[%clk 0:01:06]} 43. Kd3 {[%clk 0:00:34]}  Rf4 {[%clk 0:00:31]} 44. Rb2 {[%clk 0:00:50]}  Rxf3+ {[%clk 0:00:40]} 45. Kxd4 {[%clk 0:01:19]}  g4 {[%clk 0:00:40]} 46. Rxb7 {[%clk 0:01:42]}  g3 {[%clk 0:01:06]} 47. Rb1 {[%clk 0:00:42]}  Ra3 {[%clk 0:00:31]} 48. Rf1+ {[%clk 0:00:39]}  Kg5 {[%clk 0:00:34]} 49. Ke4 {[%clk 0:00:48]}  Rxa4 {[%clk 0:25:57]} 50. Kf3 {[%clk 0:29:35]}  Ra3+ {[%clk 0:24:59]} 51. Kg2 {[%clk 0:28:19]}  f5 {[%clk 0:23:37]} 52. Rf3 {[%clk 0:28:48]}  Rxf3 {[%clk 0:21:45]} 53. Kxf3 {[%clk 0:29:15]}  f4 {[%clk 0:22:14]} 0-1